Statistiken für Alle Achterbahnen im Europa-park

Klicken Sie hier um das Quiz zu spielen!

Allgemein

  • Dieses Quiz wurde 122 mal gespielt
  • Das Durchschnittsergebnis liegt bei 9 aus 13

Antwortstatistiken

HintAntwort% Korrekt
12Silver Star
99%
5blue fire Megacoaster
94%
6Euro Mir
89%
13Wodan Timbur Coaster
79%
7Eurosat - CanCan Coaster
78%
10Poseidon
74%
9Pegasus
62%
2Arthur
54%
8Matterhorn Blitz
53%
11Schweizer Bobbahn
53%
3Atlantica SuperSplash
51%
1Alpenexpress
43%
4Ba-a-a-Express
36%

Verteilung der Resultate

Perzentil nach korrekt beantworteten Fragen

Anzahl Personen mit jedem Resultat

Ihre Resultats-Entwicklung

Sie haben dieses Quiz noch nicht gespielt